| 000 | 00455nam a2200169Ia 4500 | ||
|---|---|---|---|
| 008 | 180921t2016 xxu||||| |||| 00| 0 sin d | ||
| 041 | _asin | ||
| 080 |
_a8C3 _b(Youth) SIY |
||
| 245 | _aසියැට්ල් මාමා | ||
| 246 | _aSiyatl Mama | ||
| 260 |
_bplatform For Alternate Culture _aNugegoda _c2016 |
||
| 300 | _a24p, 25cm | ||
| 700 |
_aSumitra Rahubada _etr. |
||
| 942 | _cBK | ||
| 999 |
_c12390 _d12390 |
||
| 003 | LK-CoDNM | ||
| 040 |
_aLK-CoDNM _dLK-CoDNM _eLK-CoDNM |
||